000 00591cam a2200217 a 4500
001 1006924
005 20180215075057.0
008 871210s1988 flua b 001 0 eng
010 _a 87035715
020 _a0849369169 (v. 1)
040 _aDLC
_cDLC
_dDLC
041 _aeng
080 _a616.07 CHOW
082 0 0 _a616.07 CHOW
_219
100 _a12
101 _aKIMI
245 0 0 _aCellular antioxidant defense mechanisms /
_ceditor, Ching Kuang Chow.
504 _aIncludes bibliographies and indexes.
906 _a7
_bcbc
_corignew
_d1
_eocip
_f19
_gy-gencatlg
942 _2ddc
_cBK
999 _c42681
_d42681